书目信息 |
| 题名: |
基因组漫话
|
|
| 作者: | 沈大棱 , 潘重光 编著 ;上海农业生物基因中心 编 | |
| 分册: | ||
| 出版信息: | 上海 上海教育出版社 2005 |
|
| 页数: | 129页 | |
| 开本: | 21cm | |
| 丛书名: | 基因宝库丛书 | |
| 单 册: | ||
| 中图分类: | Q343.1 | |
| 科图分类: | ||
| 主题词: | 基因组--普及读物 | |
| 电子资源: | ||
| ISBN: | 7-5444-0529-X | |
| 000 | 00982oam2 2200277 450 | |
| 001 | 1550941946 | |
| 005 | 20150118140928.96 | |
| 010 | @a7-5444-0529-X@dCNY16.00 | |
| 100 | @a20060104d2005 em y0chiy50 ea | |
| 101 | 0 | @achi |
| 102 | @aCN@b310000 | |
| 105 | @aa z 000yy | |
| 200 | 1 | @a基因组漫话@9ji yin zu man hua@f沈大棱,潘重光编著@g上海农业生物基因中心编 |
| 210 | @a上海@c上海教育出版社@d2005 | |
| 215 | @a129页@c图@d21cm | |
| 225 | 2 | @a基因宝库丛书 |
| 300 | @a上海科普创作出版专项资金资助 | |
| 330 | @a本书内容包括基因、基因组、物理作图、基因组测序、搜索DNA序列中的基因、基因定位技术与基因功能研究和从基因组到细胞。 | |
| 461 | 0 | @12001 @a基因宝库丛书 |
| 606 | 0 | @a基因组@j普及读物 |
| 690 | @aQ343.1@v5 | |
| 701 | 0 | @a沈大棱@9shen da ling@f(1941.12~)@4编著 |
| 701 | 0 | @a潘重光@9pan zhong guang@f(1938.10~)@4编著 |
| 712 | 02 | @a上海农业生物基因中心@9shang hai nong ye sheng wu ji yin zhong xin@4编 |
| 801 | 0 | @aCN@bTSSF@c20150118 |
| 905 | @aZUCC@dQ343.1@eJY24 | |
| 基因组漫话/沈大棱,潘重光编著/上海农业生物基因中心编.-上海:上海教育出版社,2005 |
| 129页:图;21cm.-(基因宝库丛书) |
| 上海科普创作出版专项资金资助 |
| ISBN 7-5444-0529-X:CNY16.00 |
| 本书内容包括基因、基因组、物理作图、基因组测序、搜索DNA序列中的基因、基因定位技术与基因功能研究和从基因组到细胞。 |
| ● |
| 相关链接 |
|
|
|
|
正题名:基因组漫话
索取号:Q343.1/JY24
 
预约/预借
| 序号 | 登录号 | 条形码 | 馆藏地/架位号 | 状态 | 备注 |
| 1 | 7849003 | 278490036 | 学院路分馆/ [索取号:Q343.1/JY24] | 在馆 | |
| 2 | 7849004 | 278490045 | 学院路分馆/ [索取号:Q343.1/JY24] | 在馆 |